000 00739nam a2200253Ia 4500
003 OSt
005 20220930091916.0
006 a|||||r|||| 00| 0
007 ta
008 220926b |||||||| |||| 00| 0 eng d
024 _a10863
037 _cTheses
040 _aCRL
_cCRL
_beng
041 _2eng
_aeng
100 _aBhardwaj Dinesh Rattan
_9547137
110 _aUniversity of Delhi. Faculty of Law. Department of Law
245 0 _aLagal regulation of space debtis
_b Problems and prospects
260 _c2013
650 _aLAW
700 _a Kaul J L Gu.
_9547138
700 _aUniversity of Delhi. Faculty of Law. Department of Law
942 _cDIS
_2CC
999 _c882867
_d882867